000 00597nam a22002177a 4500
003 LK-CoMWRAF
005 20230924004023.0
008 230924b2000 |||||||| |||| 00| 0 eng d
020 _a1564773124
040 _aLK-CoMWRAF
_dLK-CoMWRAF
_eLK-CoMWRAF
041 _aeng
082 _a745.54
_bCAR
100 _aCarroll, Susan
245 _aGorgeous paper gifts:
_bmore than 20 quick and creative projects
260 _aWashington:
_bMartingale,
_c2000
300 _a96 p. : ill. (some col.) ; 26 cm.
650 _aPAPER WORK
650 _aGifts
700 _aSwanson, Barbara E.
942 _cBK
999 _c3641
_d3641